[Event "AUT-chT2M 1819"]
[Site "Austria"]
[Date "2018.10.21"]
[Round "3.6"]
[White "Lentrodt, Thomas"]
[Black "Ertl, Johann"]
[Result "1-0"]
[WhiteElo "2277"]
[BlackElo "2310"]
[PlyCount "103"]
[EventDate "2018.10.19"]
[EventType "team-tourn"]
[EventRounds "11"]
[EventCountry "AUT"]
[SourceTitle "CBM 187 Extra"]
[Source "ChessBase"]
[SourceDate "2018.11.04"]
[SourceVersion "1"]
[SourceVersionDate "2018.11.04"]
[SourceQuality "1"]
[WhiteTeam "Grieskirchen/Bad Schallenberg"]
[BlackTeam "Maria Saal II"]
[WhiteTeamCountry "AUT"]
[BlackTeamCountry "AUT"]

1. d4 Nf6 2. c4 g6 3. Nc3 Bg7 4. e4 d6 5. Be2 0-0 6. Nf3 e5 7. 0-0 Nc6 8. d5 Ne7 9. Ne1 Nd7 10. Nd3 f5 11. f3 f4 12. g4 Bf6 13. Bd2 h5 14. h3 Bh4 15. Be1 Bxe1 16. Qxe1 g5 17. Qf2 Kg7 18. Kg2 Rh8 19. Rg1 Ng6 20. Kf1 Nf6 21. Ke1 hxg4 22. hxg4 c6 23. Kd2 cxd5 24. cxd5 Bd7 25. a4 a5 26. Kc2 Qc7 27. Kb1 Rhc8 28. Rc1 Ne8 29. Ra3 b6 30. Rb3 Rab8 31. Nb5 Qb7 32. Rxc8 Qxc8 33. Rc3 Qd8 34. Ne1 Rc8 35. Rxc8 Bxc8 36. Nc2 Bd7 37. Nca3 Ne7 38. Nc3 Qc7 39. Bb5 Nc8 40. Bxd7 Qxd7 41. Ncb5 Nc7 42. Qe2 Kf6 43. Qh2 Ne7 44. Qh8+ Kg6 45. Qh5+ Kf6 46. Qh8+ Kg6 47. Nxc7 Qxc7 48. Qe8+ Kf6 49. Nb5 Qc5 50. Nxd6 Qe3 51. Ka2 Qxf3 52. Qf7# 1-0

[Event "AUT-chT2M 1819"]
[Site "Austria"]
[Date "2018.10.20"]
[Round "2.1"]
[White "Ertl, Johann"]
[Black "Postlmayer, Jakob"]
[Result "1-0"]
[WhiteElo "2310"]
[BlackElo "2074"]
[PlyCount "49"]
[EventDate "2018.10.19"]
[EventType "team-tourn"]
[EventRounds "11"]
[EventCountry "AUT"]
[SourceTitle "CBM 186 Extra"]
[Source "ChessBase"]
[SourceDate "2018.08.24"]
[SourceVersion "1"]
[SourceVersionDate "2018.08.24"]
[SourceQuality "1"]
[WhiteTeam "Maria Saal II"]
[BlackTeam "Freistadt/Wartberg"]
[WhiteTeamCountry "AUT"]
[BlackTeamCountry "AUT"]

1. e4 e5 2. Nf3 Nf6 3. Nxe5 d6 4. Nf3 Nxe4 5. Nc3 Nxc3 6. dxc3 Be7 7. Bf4 Nc6 8. Qd2 a6 9. Bd3 Be6 10. 0-0 h6 11. a4 g5 12. Be3 Ne5 13. Nd4 Nc4 14. Qe2 Nxe3 15. Qxe3 Bd7 16. f4 c5 17. Ne2 g4 18. f5 Kf8 19. Nf4 Bg5 20. Qg3 Bxf4 21. Qxf4 Bc6 22. f6 Bd5 23. Rae1 Be6 24. Bf5 Qd7 25. Qxg4 1-0

[Event "AUT-chT2M 1819"]
[Site "Austria"]
[Date "2018.10.19"]
[Round "1.3"]
[White "Dornauer, Joachim"]
[Black "Ertl, Johann"]
[Result "1-0"]
[WhiteElo "2162"]
[BlackElo "2310"]
[PlyCount "119"]
[EventDate "2018.10.19"]
[EventType "team-tourn"]
[EventRounds "11"]
[EventCountry "AUT"]
[SourceTitle "CBM 186 Extra"]
[Source "ChessBase"]
[SourceDate "2018.08.24"]
[SourceVersion "1"]
[SourceVersionDate "2018.08.24"]
[SourceQuality "1"]
[WhiteTeam "St Valentin"]
[BlackTeam "Maria Saal II"]
[WhiteTeamCountry "AUT"]
[BlackTeamCountry "AUT"]

1. d4 Nf6 2. c4 g6 3. Nc3 Bg7 4. e4 d6 5. Nf3 0-0 6. Be2 Bg4 7. Be3 Nfd7 8. Ng1 Bxe2 9. Ngxe2 c5 10. 0-0 Nc6 11. d5 Nce5 12. b3 a6 13. h3 Nf6 14. f4 Ned7 15. Qd3 Rb8 16. a4 Ne8 17. Rad1 Qa5 18. Bd2 Qd8 19. Be1 b5 20. axb5 Nc7 21. Bh4 axb5 22. e5 bxc4 23. bxc4 Ne8 24. e6 Ndf6 25. exf7+ Rxf7 26. f5 gxf5 27. Ng3 Rb3 28. Nxf5 Qa5 29. Be1 Bf8 30. Qg3+ Kh8 31. Rd3 Qa6 32. Rf4 Nh5 33. Nxe7 Bxe7 34. Rxf7 Nxg3 35. Bxg3 Qc8 36. Rxe7 Rb7 37. Re6 Rg7 38. Rde3 Nc7 39. Bh4 Nxe6 40. dxe6 Qa8 41. Nd5 Qa2 42. g4 Rb7 43. e7 Rxe7 44. Nxe7 h6 45. Nf5 Qxc4 46. Re8+ Kh7 47. Re7+ Kg8 48. Rg7+ Kh8 49. Bf6 Qc1+ 50. Kg2 Qd2+ 51. Kf3 Qd1+ 52. Ke3 Qb3+ 53. Kf4 Qc4+ 54. Kg3 Qc1 55. Rf7+ Kg8 56. Rg7+ Kh8 57. Kh4 Qe1+ 58. Kh5 Qe8+ 59. Rf7+ Kg8 60. Nxh6# 1-0

[Event "AUT-chT2M 1718"]
[Site "Austria"]
[Date "2017.11.25"]
[Round "5.6"]
[White "Hatzl, Johannes"]
[Black "Ertl, Johann"]
[Result "1/2-1/2"]
[WhiteElo "2038"]
[BlackElo "2305"]
[PlyCount "120"]
[EventDate "2017.10.27"]
[EventType "team-tourn"]
[EventRounds "11"]
[EventCountry "AUT"]
[SourceTitle "CBM 181 Extra"]
[Source "ChessBase"]
[SourceDate "2017.12.12"]
[SourceVersion "1"]
[SourceVersionDate "2017.12.12"]
[SourceQuality "1"]
[WhiteTeam "Fuerstenfeld/Hartberg"]
[BlackTeam "Maria Saal II"]
[WhiteTeamCountry "AUT"]
[BlackTeamCountry "AUT"]

1. e4 e6 2. d4 d5 3. Nd2 Be7 4. Ngf3 Nf6 5. Bd3 c5 6. dxc5 0-0 7. 0-0 a5 8. c3 Na6 9. e5 Nd7 10. Qc2 h6 11. Bxa6 Rxa6 12. b4 Qc7 13. Re1 Ra8 14. Nb3 b6 15. cxb6 Nxb6 16. b5 a4 17. Nbd4 Bd7 18. Bf4 Rfc8 19. Re3 Nc4 20. Rd3 Bf8 21. g4 Na3 22. Qd2 Bxb5 23. Nxb5 Nxb5 24. Rc1 Qc4 25. Nd4 Nxd4 26. cxd4 Qxc1+ 27. Qxc1 Rxc1+ 28. Bxc1 Rc8 29. Ba3 Bxa3 30. Rxa3 Rc4 31. Rd3 g5 32. Kg2 f6 33. exf6 Kf7 34. Kf3 Kxf6 35. Ke3 e5 36. dxe5+ Kxe5 37. h3 h5 38. gxh5 Rh4 39. Ke2 Rxh5 40. Ra3 Rh4 41. Rg3 Re4+ 42. Kd2 Rd4+ 43. Kc3 Rc4+ 44. Kd3 Kf5 45. Re3 Rf4 46. Re8 Rf3+ 47. Kd4 Rxh3 48. Kxd5 a3 49. Rf8+ Kg4 50. Ke4 Rc3 51. Ra8 Rf3 52. Ra7 Rc3 53. Ra8 Kh3 54. Rh8+ Kg2 55. Rg8 Kxf2 56. Rxg5 Ke2 57. Kd4 Rh3 58. Kc4 Kd2 59. Kb4 Kc2 60. Rg2+ Kb1 1/2-1/2

[Event "AUT-chT2M 1617"]
[Site "Austria"]
[Date "2017.03.24"]
[Round "9.3"]
[White "Hatzl, Johannes"]
[Black "Ertl, Johann"]
[Result "0-1"]
[WhiteElo "2079"]
[BlackElo "2288"]
[PlyCount "118"]
[EventDate "2016.10.07"]
[EventType "team-tourn"]
[EventRounds "11"]
[EventCountry "AUT"]
[SourceTitle "CBM 177 Extra"]
[Source "ChessBase"]
[SourceDate "2017.04.27"]
[SourceVersion "1"]
[SourceVersionDate "2017.04.27"]
[SourceQuality "1"]
[WhiteTeam "Fuerstenfeld/Hartberg"]
[BlackTeam "Maria Saal II"]
[WhiteTeamCountry "AUT"]
[BlackTeamCountry "AUT"]

1. e4 e6 2. d4 d5 3. Nc3 Bb4 4. Nge2 dxe4 5. a3 Be7 6. Nxe4 Nd7 7. Be3 b6 8. N2c3 Bb7 9. Bd3 Ngf6 10. 0-0 0-0 11. Nxf6+ Nxf6 12. Qe2 Nd5 13. Nxd5 Qxd5 14. f3 Qh5 15. Rae1 Rfd8 16. f4 Qxe2 17. Bxe2 Be4 18. Rc1 Rab8 19. Rfd1 b5 20. Bd3 Bxd3 21. Rxd3 c6 22. Rcd1 f5 23. Kf2 Rd7 24. h3 Kf7 25. Kf3 a6 26. g4 Rbd8 27. Bf2 Rd5 28. Be3 h6 29. Bf2 Bf6 30. Be3 g5 31. c3 gxf4 32. Bf2 fxg4+ 33. hxg4 e5 34. Ke4 Ke6 35. Rh1 Bg5 36. Bh4 exd4 37. Bxg5 hxg5 38. Rh6+ Kd7 39. Rh7+ Kc8 40. cxd4 c5 41. Rc3 Rxd4+ 42. Ke5 R4d5+ 43. Ke4 c4 44. a4 R8d7 45. Rh8+ Kb7 46. axb5 axb5 47. Rg8 Kc6 48. Rc8+ Kd6 49. Re8 Rd2 50. Kf5 Rd5+ 51. Ke4 Kc5 52. Rg8 Re7+ 53. Kf3 Ree5 54. Rc2 Re3+ 55. Kf2 Rh3 56. Rc1 Kb4 57. Rb8 Rd2+ 58. Kg1 f3 59. Rf1 Rg2# 0-1

[Event "EU-Cup 32nd"]
[Site "Novi Sad"]
[Date "2016.11.10"]
[Round "5.5"]
[White "Lundin, Jan"]
[Black "Ertl, Johann"]
[Result "1-0"]
[WhiteElo "2264"]
[BlackElo "2306"]
[PlyCount "79"]
[EventDate "2016.11.06"]
[EventType "team-swiss"]
[EventRounds "7"]
[EventCountry "SRB"]
[SourceTitle "CBM 176"]
[Source "ChessBase"]
[SourceDate "2017.01.17"]
[SourceVersion "1"]
[SourceVersionDate "2017.01.17"]
[SourceQuality "1"]
[WhiteTeam "Berlin SF"]
[BlackTeam "Maria Saal"]
[WhiteTeamCountry "GER"]
[BlackTeamCountry "AUT"]

1. d4 Nf6 2. c4 g6 3. Nc3 Bg7 4. Nf3 0-0 5. Bg5 d6 6. e3 h6 7. Bh4 c5 8. d5 Bf5 9. Bd3 Bxd3 10. Qxd3 Nbd7 11. Nd2 a6 12. a4 Qb6 13. Ra2 Qb4 14. f4 b5 15. a5 Rab8 16. 0-0 Rfe8 17. Kh1 Kh7 18. e4 Kg8 19. cxb5 axb5 20. Nf3 Nh5 21. g3 c4 22. Qd2 Nc5 23. g4 Nf6 24. g5 Nh5 25. f5 hxg5 26. fxg6 f6 27. Bxg5 Nxe4 28. Nxe4 Qxd2 29. Bxd2 f5 30. Ng3 Nxg3+ 31. hxg3 b4 32. Ra4 Bxb2 33. Bxb4 c3 34. Nd4 c2 35. Nxc2 Rec8 36. Ne3 Bd4 37. Nxf5 Rc4 38. Nxe7+ Kg7 39. Rf7+ Kh6 40. Bd2+ 1-0

[Event "Steyr Landesliga 1516"]
[Site "Austria"]
[Date "2016.04.02"]
[Round "9.2"]
[White "Ertl, Johann"]
[Black "Gruskovnjak, Tomislav"]
[Result "1/2-1/2"]
[WhiteElo "2274"]
[BlackElo "2352"]
[PlyCount "60"]
[EventDate "2015.09.26"]
[EventType "team-tourn"]
[EventRounds "11"]
[EventCountry "AUT"]
[SourceTitle "EXT 2017"]
[Source "ChessBase"]
[SourceDate "2016.10.25"]
[SourceVersion "1"]
[SourceVersionDate "2016.10.25"]
[SourceQuality "1"]
[WhiteTeam "Frauental Strassenbahn"]
[BlackTeam "Gamlitz"]
[WhiteTeamCountry "AUT"]
[BlackTeamCountry "AUT"]

1. e4 c5 2. Nf3 d6 3. d4 cxd4 4. Nxd4 Nf6 5. Nc3 a6 6. Bg5 e6 7. f4 Qb6 8. Qd2 Nc6 9. Bxf6 gxf6 10. Nb3 Bd7 11. Be2 h5 12. 0-0-0 0-0-0 13. Kb1 Kb8 14. Bf3 Na5 15. Qe2 Nxb3 16. axb3 h4 17. Bg4 Qc5 18. Rhf1 Bc6 19. Qf2 Qxf2 20. Rxf2 Be7 21. f5 Rhg8 22. Bh5 Rg7 23. fxe6 fxe6 24. Bf3 Rg5 25. Ne2 Re5 26. Nf4 Rg8 27. Nd3 Reg5 28. Nf4 Re5 29. Nd3 Reg5 30. Nf4 Re5 1/2-1/2

[Event "AUT-chT2M 1516"]
[Site "Austria"]
[Date "2016.02.28"]
[Round "8.5"]
[White "Krockenberger, Martin"]
[Black "Ertl, Johann"]
[Result "1/2-1/2"]
[WhiteElo "2155"]
[BlackElo "2274"]
[PlyCount "82"]
[EventDate "2015.10.02"]
[EventType "team-tourn"]
[EventRounds "11"]
[EventCountry "AUT"]
[SourceTitle "EXT 2017"]
[Source "ChessBase"]
[SourceDate "2016.10.25"]
[SourceVersion "1"]
[SourceVersionDate "2016.10.25"]
[SourceQuality "1"]
[WhiteTeam "Graz Schachfreunde"]
[BlackTeam "Maria Saal II"]
[WhiteTeamCountry "AUT"]
[BlackTeamCountry "AUT"]

1. d4 Nf6 2. c4 g6 3. Nc3 Bg7 4. e4 d6 5. f3 0-0 6. Be3 e5 7. Nge2 exd4 8. Nxd4 Re8 9. Qd2 Nbd7 10. Be2 c6 11. Rd1 Nb6 12. 0-0 Qe7 13. Bf2 d5 14. exd5 cxd5 15. c5 Nbd7 16. Bb5 Qf8 17. c6 bxc6 18. Bxc6 Rb8 19. Nxd5 Nxd5 20. Bxd5 Ba6 21. Rfe1 Rxe1+ 22. Rxe1 Ne5 23. Nc6 Rxb2 24. Qxb2 Nxf3+ 25. gxf3 Bxb2 26. Re7 Bb5 27. Rxf7 Qxf7 28. Bxf7+ Kxf7 29. Nxa7 Bd7 30. a4 Bxa4 31. Nc8 Ke6 32. Nb6 Bb3 33. Kg2 Be5 34. Be3 Bc7 35. Na8 Bd8 36. Nb6 Kd6 37. Bf4+ Kc6 38. Nc8 Be6 39. Na7+ Kb6 40. Be3+ Kb7 41. Nb5 Bf6 1/2-1/2

[Event "Steyr Landesliga 1516"]
[Site "Austria"]
[Date "2016.01.23"]
[Round "6.2"]
[White "Kreisl, Robert"]
[Black "Ertl, Johann"]
[Result "1-0"]
[WhiteElo "2440"]
[BlackElo "2274"]
[PlyCount "87"]
[EventDate "2015.09.26"]
[EventType "team-tourn"]
[EventRounds "11"]
[EventCountry "AUT"]
[SourceTitle "CBM 170 Extra"]
[Source "ChessBase"]
[SourceDate "2016.02.25"]
[SourceVersion "1"]
[SourceVersionDate "2016.02.25"]
[SourceQuality "1"]
[WhiteTeam "Leoben"]
[BlackTeam "Frauental Strassenbahn"]
[WhiteTeamCountry "AUT"]
[BlackTeamCountry "AUT"]

1. Nf3 Nf6 2. g3 g6 3. b3 Bg7 4. Bb2 0-0 5. Bg2 d6 6. d4 c5 7. 0-0 cxd4 8. Nxd4 d5 9. c4 dxc4 10. bxc4 Qb6 11. Qb3 Nfd7 12. e3 Nc6 13. Nc3 Na5 14. Qc2 e6 15. Ba3 Rd8 16. Rab1 Qc7 17. Ncb5 Qxc4 18. Qd2 Bxd4 19. exd4 Nc6 20. Rfc1 Qa4 21. d5 exd5 22. Qg5 Nde5 23. Rb4 Qa5 24. Rh4 Bf5 25. Qh6 g5 26. Qxg5+ Bg6 27. Bb2 Qxb5 28. Bxe5 Nxe5 29. Qxe5 Rac8 30. Rd1 Rc2 31. Rhd4 Re8 32. Qf6 Qc6 33. Qf4 Be4 34. Bxe4 dxe4 35. Rd8 Rxd8 36. Rxd8+ Kg7 37. Qe5+ f6 38. Qe7+ Kg6 39. Rd6 Qc3 40. Qxe4+ Kh6 41. Rd7 Rc1+ 42. Kg2 Qc6 43. Rxh7+ Kg5 44. h4# 1-0

[Event "AUT-chT2M 1516"]
[Site "Austria"]
[Date "2015.11.15"]
[Round "5.3"]
[White "Pressl, Harald"]
[Black "Ertl, Johann"]
[Result "0-1"]
[WhiteElo "1890"]
[BlackElo "2274"]
[PlyCount "90"]
[EventDate "2015.10.02"]
[EventType "team-tourn"]
[EventRounds "11"]
[EventCountry "AUT"]
[SourceTitle "EXT 2017"]
[Source "ChessBase"]
[SourceDate "2016.10.25"]
[SourceVersion "1"]
[SourceVersionDate "2016.10.25"]
[SourceQuality "1"]
[WhiteTeam "Wolfsberg"]
[BlackTeam "Maria Saal II"]
[WhiteTeamCountry "AUT"]
[BlackTeamCountry "AUT"]

1. c4 g6 2. g3 Bg7 3. Bg2 e5 4. Nc3 Nc6 5. e3 d6 6. Nge2 Bg4 7. h3 Be6 8. Nd5 Qd7 9. 0-0 Nce7 10. Kh2 c6 11. Nxe7 Nxe7 12. d3 0-0 13. Rb1 d5 14. b3 Rad8 15. Ba3 Rfe8 16. c5 b5 17. Bb4 h5 18. Ng1 f6 19. Rb2 Nf5 20. a4 Rb8 21. a5 a6 22. Qe1 Qc7 23. Bd2 Kf7 24. b4 Rbd8 25. Bc1 Ke7 26. d4 e4 27. Ne2 Kd7 28. Kg1 Kc8 29. Nf4 Bf7 30. h4 g5 31. Bh3 Qd7 32. Bxf5 Qxf5 33. Ng2 Be6 34. Qd1 Qh3 35. Qe1 Qg4 36. Qe2 Qf3 37. Qxf3 exf3 38. Ne1 Bg4 39. hxg5 h4 40. Kh2 Rh8 41. Nd3 Bf5 42. Ne1 hxg3+ 43. Kxg3 Rh3+ 44. Kf4 Be4 45. Rg1 f5 0-1

[Event "EU-Cup 31st"]
[Site "Skopje"]
[Date "2015.10.22"]
[Round "5.6"]
[White "Ertl, Johann"]
[Black "Burcu, Cagatay"]
[Result "1-0"]
[WhiteElo "2274"]
[BlackElo "2199"]
[PlyCount "115"]
[EventDate "2015.10.18"]
[EventType "team-swiss"]
[EventRounds "7"]
[EventCountry "MKD"]
[SourceTitle "CBM 169"]
[Source "ChessBase"]
[SourceDate "2015.11.10"]
[SourceVersion "1"]
[SourceVersionDate "2015.11.10"]
[SourceQuality "1"]
[WhiteTeam "Maria Saal"]
[BlackTeam "Basiktas"]
[WhiteTeamCountry "AUT"]
[BlackTeamCountry "TUR"]

1. e4 e6 2. d4 d5 3. Nd2 c5 4. exd5 exd5 5. Ngf3 Nc6 6. Bb5 Bd6 7. dxc5 Bxc5 8. 0-0 Nge7 9. c4 0-0 10. Nb3 Bd6 11. c5 Bc7 12. Bg5 f6 13. Bh4 Nf5 14. Bg3 Nxg3 15. hxg3 Be5 16. Qd2 a6 17. Ba4 Bg4 18. Rad1 Kh8 19. Nc1 Qc7 20. Nd3 Nd4 21. Qe3 Qa5 22. Bb3 Nxb3 23. axb3 Rad8 24. Ra1 d4 25. Qe4 Bxf3 26. gxf3 Qb5 27. Kg2 Qxb3 28. Rh1 h6 29. c6 Qd5 30. cxb7 Qxe4 31. fxe4 Rf7 32. Rxa6 Rxb7 33. Rha1 Rb3 34. Ra8 Rxa8 35. Rxa8+ Kh7 36. Ra3 Rb8 37. f4 Bc7 38. Kf3 Kg6 39. f5+ Kh5 40. b4 g6 41. g4+ Kh4 42. Ra7 Bd6 43. fxg6 Kg5 44. g7 Kg6 45. Rd7 Be5 46. Nc5 Kh7 47. Ne6 Re8 48. Nf8+ Kg8 49. Ng6 Kh7 50. Nh4 Rc8 51. Nf5 Kg6 52. g8Q+ Rxg8 53. Ne7+ Kf7 54. Nxg8+ Kxg8 55. b5 Kf8 56. b6 Ke8 57. Rh7 Kd8 58. Rh8+ 1-0

[Event "EU-Cup 31st"]
[Site "Skopje"]
[Date "2015.10.19"]
[Round "2.6"]
[White "Bocharov, Dmitry"]
[Black "Ertl, Johann"]
[Result "1/2-1/2"]
[WhiteElo "2560"]
[BlackElo "2274"]
[PlyCount "139"]
[EventDate "2015.10.18"]
[EventType "team-swiss"]
[EventRounds "7"]
[EventCountry "MKD"]
[SourceTitle "CBM 169"]
[Source "ChessBase"]
[SourceDate "2015.11.10"]
[SourceVersion "1"]
[SourceVersionDate "2015.11.10"]
[SourceQuality "1"]
[WhiteTeam "Siberia"]
[BlackTeam "Maria Saal"]
[WhiteTeamCountry "RUS"]
[BlackTeamCountry "AUT"]

1. d4 Nf6 2. c4 g6 3. g3 Bg7 4. Bg2 0-0 5. Nc3 d6 6. Nf3 Nc6 7. 0-0 Bf5 8. Ne1 Na5 9. e4 Bg4 10. f3 Be6 11. b3 c5 12. Nc2 Nd7 13. Be3 Nc6 14. Ne2 cxd4 15. Nexd4 Nc5 16. Qd2 Nxd4 17. Nxd4 Bd7 18. Rad1 a5 19. f4 Qb6 20. Nc2 Bc6 21. Qf2 Rac8 22. Rfe1 Qa6 23. Bxc5 dxc5 24. e5 a4 25. Ne3 b5 26. Bxc6 Qxc6 27. Nd5 Rfe8 28. cxb5 Qxb5 29. Nc3 Qa5 30. Nxa4 e6 31. Rc1 Bf8 32. Rc4 Red8 33. Nc3 Rd4 34. Ne4 Rcd8 35. Rec1 Kg7 36. Qe2 R8d5 37. R1c2 h5 38. Kg2 Be7 39. Kh3 h4 40. Rxd4 cxd4 41. Qd3 hxg3 42. hxg3 Qe1 43. Kg2 Rd8 44. Nf2 Bb4 45. Re2 Qc1 46. Qe4 Bd2 47. Qd3 Bb4 48. Rc2 Qe1 49. Nh3 Bc3 50. Ng1 Rh8 51. Re2 Qa1 52. Rf2 Ra8 53. Qc2 Be1 54. Re2 Bxg3 55. Nh3 Bh4 56. Qb2 Qd1 57. Qd2 Qb1 58. Qc2 Qxc2 59. Rxc2 d3 60. Rd2 Be1 61. Rxd3 Rxa2+ 62. Kf3 Rb2 63. Ng5 Bh4 64. Ne4 Be7 65. Ke3 Rb1 66. Nd6 g5 67. f5 f6 68. exf6+ Kxf6 69. fxe6 Kxe6 70. Ne4 1/2-1/2

[Event "EU-Cup 31st"]
[Site "Skopje"]
[Date "2015.10.18"]
[Round "1.6"]
[White "Ertl, Johann"]
[Black "Manova, Ivana"]
[Result "1-0"]
[WhiteElo "2274"]
[BlackElo "1640"]
[PlyCount "61"]
[EventDate "2015.10.18"]
[EventType "team-swiss"]
[EventRounds "7"]
[EventCountry "MKD"]
[SourceTitle "CBM 169"]
[Source "ChessBase"]
[SourceDate "2015.11.10"]
[SourceVersion "1"]
[SourceVersionDate "2015.11.10"]
[SourceQuality "1"]
[WhiteTeam "Maria Saal"]
[BlackTeam "MSK Centar"]
[WhiteTeamCountry "AUT"]
[BlackTeamCountry "MKD"]

1. e4 e5 2. Nf3 Nc6 3. Bc4 Bc5 4. c3 Nf6 5. d3 d6 6. Nbd2 0-0 7. h3 Nh5 8. d4 Bb6 9. 0-0 Nf4 10. Bb5 Qf6 11. Nc4 Qg6 12. Bxf4 exf4 13. Kh2 Qxe4 14. Qd2 Qf5 15. Ba4 Bd7 16. Bc2 Qf6 17. a4 a6 18. b4 Ba7 19. Be4 Rfe8 20. Rfe1 Nd8 21. Re2 c6 22. d5 cxd5 23. Bxd5 Nc6 24. Rxe8+ Bxe8 25. b5 axb5 26. axb5 Ne5 27. Nfxe5 dxe5 28. b6 Qd8 29. Rxa7 Rc8 30. Rxb7 Rxc4 31. Bxf7+ 1-0

[Event "Steyr Landesliga 1516"]
[Site "Austria"]
[Date "2015.10.10"]
[Round "2.2"]
[White "Huber, Martin Christian"]
[Black "Ertl, Johann"]
[Result "0-1"]
[WhiteElo "2312"]
[BlackElo "2274"]
[PlyCount "134"]
[EventDate "2015.09.26"]
[EventType "team-tourn"]
[EventRounds "11"]
[EventCountry "AUT"]
[SourceTitle "EXT 2017"]
[Source "ChessBase"]
[SourceDate "2016.10.25"]
[SourceVersion "1"]
[SourceVersionDate "2016.10.25"]
[SourceQuality "1"]
[WhiteTeam "Graz Schachfreunde"]
[BlackTeam "Frauental Strassenbahn"]
[WhiteTeamCountry "AUT"]
[BlackTeamCountry "AUT"]

1. d4 Nf6 2. c4 g6 3. Nc3 Bg7 4. e4 d6 5. Nf3 0-0 6. Be2 Bg4 7. Be3 Nfd7 8. h4 e5 9. d5 Bxf3 10. Bxf3 f5 11. Bg5 Bf6 12. Bh6 Bg7 13. Bxg7 Kxg7 14. h5 f4 15. hxg6 hxg6 16. Qd2 Na6 17. 0-0-0 Rh8 18. g3 Qf6 19. Bg4 Ndc5 20. gxf4 Qxf4 21. Qxf4 exf4 22. Rxh8 Rxh8 23. a3 Nb3+ 24. Kc2 Nac5 25. Ne2 g5 26. Bf5 Rh2 27. Rf1 Kf6 28. Kc3 a5 29. Ng1 Rh1 30. Re1 a4 31. Nf3 Rxe1 32. Nxe1 g4 33. f3 g3 34. Ng2 Kg5 35. Ne1 Kh4 36. Ng2+ Kg5 37. Ne1 Nc1 38. Bh3 Ne2+ 39. Kd2 Nd4 40. Kc3 Ne2+ 41. Kd2 Ng1 42. Bg2 Kh4 43. Bf1 Nd7 44. Bg2 Ne5 45. Kc3 Kg5 46. Kb4 b6 47. Kc3 Ne2+ 48. Kd2 Nd4 49. Kc3 Nb3 50. Bf1 Ng6 51. Bh3 Nh4 52. Bf1 Kf6 53. Bh3 Nc5 54. Kd4 Nb3+ 55. Kc3 Kg6 56. Bf1 Kg5 57. Bh3 Kf6 58. Bf1 Nc5 59. Kd4 Nd7 60. Kc3 Ne5 61. Bg2 Nxg2 62. Nxg2 Kg5 63. Ne1 Ng6 64. Kd2 Kh4 65. Ke2 Kh3 66. Kf1 Kh2 67. Ng2 Kh1 0-1

[Event "AUT-chT2M 1415"]
[Site "Austria"]
[Date "2014.11.15"]
[Round "4.5"]
[White "Ertl, Johann"]
[Black "Hatzl, Johannes"]
[Result "1-0"]
[WhiteElo "2265"]
[BlackElo "2132"]
[PlyCount "87"]
[EventDate "2014.10.03"]
[EventType "team-tourn"]
[EventRounds "11"]
[EventCountry "AUT"]
[SourceTitle "EXT 2015"]
[Source "ChessBase"]
[SourceDate "2014.11.20"]
[SourceVersion "1"]
[SourceVersionDate "2014.11.20"]
[SourceQuality "1"]
[WhiteTeam "Maria Saal II"]
[BlackTeam "Fuerstenfeld/Hartberg"]
[WhiteTeamCountry "AUT"]
[BlackTeamCountry "AUT"]

1. e4 c5 2. Nf3 Nc6 3. d4 cxd4 4. Nxd4 e5 5. Nb5 d6 6. N1c3 a6 7. Na3 b5 8. Nd5 Nf6 9. Bg5 Qa5+ 10. Bd2 Qd8 11. Bg5 Qa5+ 12. Bd2 Qd8 13. c4 b4 14. Nxf6+ Qxf6 15. Nc2 Qg6 16. Qe2 a5 17. g3 Be7 18. Bg2 0-0 19. 0-0 Rb8 20. Qd3 Kh8 21. Ne3 Bd8 22. Nf5 Bc7 23. h4 Qe6 24. Rad1 g6 25. Bh6 Rd8 26. Bg7+ Kg8 27. Bh3 gxf5 28. exf5 Qd7 29. Bf6 h6 30. Qe4 Kh7 31. Bxd8 Qxd8 32. f6+ Kh8 33. Bxc8 Nd4 34. Rxd4 exd4 35. Qf4 Qf8 36. Bd7 Bb6 37. Re1 Bc5 38. Bc6 Rd8 39. Bd5 Qg8 40. Re7 d3 41. Be4 Qf8 42. Rxf7 Qxf7 43. Qxh6+ Kg8 44. Bd5 1-0

[Event "AUT-chT2M 1415"]
[Site "Austria"]
[Date "2014.10.05"]
[Round "3.6"]
[White "Eder, Matthias"]
[Black "Ertl, Johann"]
[Result "1-0"]
[WhiteElo "2139"]
[BlackElo "2265"]
[PlyCount "115"]
[EventDate "2014.10.03"]
[EventType "team-tourn"]
[EventRounds "11"]
[EventCountry "AUT"]
[SourceTitle "EXT 2015"]
[Source "ChessBase"]
[SourceDate "2014.11.20"]
[SourceVersion "1"]
[SourceVersionDate "2014.11.20"]
[SourceQuality "1"]
[WhiteTeam "Graz Schachfreunde"]
[BlackTeam "Maria Saal II"]
[WhiteTeamCountry "AUT"]
[BlackTeamCountry "AUT"]

1. e4 e6 2. d4 d5 3. Nc3 Bb4 4. exd5 exd5 5. Bd3 Nc6 6. a3 Be7 7. Be3 Nf6 8. Nge2 Be6 9. Nf4 Qd7 10. 0-0 Bf5 11. Bb5 0-0 12. h3 Qd6 13. Ba4 Na5 14. Qf3 Be4 15. Nxe4 Nxe4 16. Bb5 c6 17. Bd3 f5 18. b3 Rae8 19. g3 b6 20. h4 Qd7 21. Nh3 Bf6 22. Kg2 c5 23. dxc5 Bxa1 24. Rxa1 bxc5 25. b4 Nb7 26. c4 d4 27. Bf4 h6 28. Re1 Nf6 29. Rh1 Ne4 30. Bc1 Nd8 31. Nf4 Qb7 32. Nd5 Ne6 33. b5 Nc7 34. Nf4 Nd6 35. Qxb7 Nxb7 36. Bd2 Kf7 37. Bxf5 Kf6 38. Bd3 Re5 39. Ng6 Rfe8 40. Nxe5 Rxe5 41. Re1 Rxe1 42. Bxe1 Nd6 43. a4 g5 44. hxg5+ hxg5 45. Kf3 Ne6 46. Bd2 Nd8 47. Kg4 N8f7 48. f4 gxf4 49. gxf4 Nh6+ 50. Kf3 Nhf5 51. a5 Ke6 52. Bc1 Nh4+ 53. Kf2 Nb7 54. a6 Na5 55. b6 Nc6 56. Be4 Kd6 57. Bxc6 Kxc6 58. bxa7 1-0

[Event "AUT-chT2M 1314"]
[Site "Austria"]
[Date "2013.11.17"]
[Round "5.5"]
[White "Hiermann, Dietmar"]
[Black "Ertl, Johann"]
[Result "1-0"]
[WhiteElo "2276"]
[BlackElo "2258"]
[PlyCount "79"]
[EventDate "2013.10.04"]
[EventType "team-tourn"]
[EventRounds "11"]
[EventCountry "AUT"]
[SourceTitle "EXT 2015"]
[Source "ChessBase"]
[SourceDate "2014.11.20"]
[SourceVersion "1"]
[SourceVersionDate "2014.11.20"]
[SourceQuality "1"]
[WhiteTeam "Sauwald"]
[BlackTeam "Maria Saal II"]
[WhiteTeamCountry "AUT"]
[BlackTeamCountry "AUT"]

1. e4 e6 2. d4 d5 3. Nd2 Nf6 4. e5 Nfd7 5. Bd3 c5 6. c3 Nc6 7. Ne2 cxd4 8. cxd4 f6 9. exf6 Nxf6 10. Nf3 Bd6 11. 0-0 Qc7 12. Bd2 0-0 13. Rc1 Qb6 14. Bc3 Ng4 15. Ng3 e5 16. dxe5 Bxe5 17. Bxe5 Ncxe5 18. Be2 Nxf3+ 19. Bxf3 Nf6 20. Rc2 Be6 21. Re1 d4 22. b3 Rad8 23. Rd2 Rd6 24. h3 Rfd8 25. Ne4 Nxe4 26. Bxe4 Bf7 27. Bd3 Re6 28. Rxe6 Qxe6 29. Re2 Qd7 30. Qe1 Re8 31. Rxe8+ Bxe8 32. Qe5 Bg6 33. Bc4+ Kf8 34. Qc5+ Qe7 35. Qxd4 Qc7 36. Qxa7 Bf7 37. Qa3+ Ke8 38. Bb5+ Kd8 39. Qf8+ Be8 40. Qxe8# 1-0